| 000 | 00845nas a22002297a 4500 | ||
|---|---|---|---|
| 003 | NALT | ||
| 005 | 20220829105609.0 | ||
| 008 | 190708b th |||p| |||| 00| 0 tha d | ||
| 022 | _a2408249X | ||
| 022 | _a26976285 (Online) | ||
| 040 | _aNALT | ||
| 041 | _atha | ||
| 245 | _aวารสารกฎหมายสุขภาพและสาธารณสุข | ||
| 260 | _aคณะสาธารณสุขศาสตร์ มหาวิทยาลัยมหิดล | ||
| 310 | _aรายหกเดือน | ||
| 850 | _aNALT | ||
| 856 | _uhttps://so05.tci-thaijo.org/index.php/journal_law/issue/archive | ||
| 856 | _uhttps://so05.tci-thaijo.org/index.php/journal_law/index | ||
| 942 |
_cJNR _s1 _2lcc _01 |
||
| 998 |
_a๋jintana _j8 _k บัณฑิต อุทาวงค์ |
||
| 999 |
_c96222 _d96222 |
||